Generic Brand Names (A-Z) Quiz Stats

 Plays Quiz Updated Mar 11, 2012

Also try: A-Z Keypad Blitz
Challenge
Share
Tweet
Embed
Score 0/26 Timer 04:00
0 Plays Today
% Correct
Adhesive bandage, used colloquially in parts of North AmericaBand-Aid (Johnson & Johnson)
94.3%
Internet search-engineGoogle (Google)
91.3%
Table tennisPing Pong (Parker Bros.)
88.2%
Digital music playeriPod (Apple)
84.2%
Chocolate/hazelnut-flavored spreadNutella (Ferrero SpA)
83.7%
Cotton swabs or budsQ-Tips (Unilever)
81.4%
Tightly fitting swimming briefsSpeedo (Speedo)
80.9%
Tissue paper, used as if generic in part of North AmericaKleenex (Kimberly-Clark)
80.7%
Painkiller, believed to prevent heart attacksAspirin (Bayer in Europe & Canada)
79.9%
Hot tub or whirlpool bathJacuzzi (Jacuzzi)
79%
Vacuum cleaner brandname, used as if generic in UK and IrelandHoover (Hoover)
76.5%
Photocopier or a photocopyXerox (Xerox)
75.1%
Inline skatesRollerblades (Nordica in US & Canada)
73.7%
% Correct
Fastener, found on clothing, luggage and other itemsZipper (originally B.F. Goodrich)
73.7%
Portable cassette player, now more or less superseded by digital music playersWalkman (Sony)
73%
A transport device for carrying people between floors of a buildingEscalator (formerly Otis Elevator Company)
71.1%
Toy, usually thrown back and forthFrisbee (Wham-O)
70.4%
Manual spinning toyYo-Yo (Papa's Toy Co. in Canada)
69.4%
All-in-one infant bodysuitOnesies (Gerber)
67.6%
Vehicle, used when moving house, common term in North AmericaU-Haul (U-Haul International)
65.9%
Floor covering, perhaps the first brand to become a generic termLinoleum (originally Frederick Walton)
56.6%
Small toy carMatchbox (Mattel)
56%
Asphalt road surface, used colloquially in UK and IrelandTarmac (Tarmac)
37.4%
Sound recorder, primarily for later transcriptionDictaphone (Nuance Communication)
25.3%
Plastic wrap, used to keep food freshCellophane (formerly DuPont)
21.8%
Magnetic medium used to record images and/or soundVideotape (originally Ampex)
18%

You're not logged in!

Compare scores with friends on all Sporcle quizzes.
Join for Free
OR
Log In

You Might Also Like...

Show Comments

Extras

Top Quizzes Today


Score Distribution

Your Account Isn't Verified!

In order to create a playlist on Sporcle, you need to verify the email address you used during registration. Go to your Sporcle Settings to finish the process.

Report this User

Report this user for behavior that violates our Community Guidelines.

Details: